[Event "21. Open de Gros 2007"]
[Site "San Sebastián ESP"]
[Date "2011.09.12"]
[Round "4.2"]
[White "Franco Alonso, Alejandro"]
[Black "Vassallo Barroche, Mauricio"]
[Result "1/2-1/2"]
[WhiteElo "2469"]
[BlackElo "2432"]
[PlyCount "111"]
[EventDate "2011.09.09"]
[EventType "swiss"]
[EventRounds "9"]
[EventCountry "ESP"]
[Source "lmi"]
[SourceDate "2011.09.09"]

1. d4 Nf6 2. c4 e6 3. Nf3 b6 4. g3 Bb4+ 5. Nbd2 Ba6 6. Qc2 Bb7 7. Bg2 Be4 8.
Qb3 Nc6 9. O-O Bxd2 10. Bxd2 O-O 11. Qc3 h6 12. Rfd1 a5 13. Be1 Nb4 14. Bd2 Nc2
15. Rac1 Nb4 16. Qb3 c5 17. dxc5 bxc5 18. Bf4 Qb6 19. a3 Nbd5 20. Qxb6 Nxb6 21.
Bc7 Nc8 22. Be5 Ra7 23. a4 Ne8 24. Nd2 Bxg2 25. Kxg2 d6 26. Bc3 Nb6 27. b3 Nc8
28. Nb1 f6 29. Na3 Ra6 30. Nb5 Rf7 31. Rd3 Rb7 32. g4 Ne7 33. h4 Ng6 34. Kg3 e5
35. h5 Nf4 36. Rd2 Ne6 37. f3 Nd4 38. Bxd4 exd4 39. e3 dxe3 40. Re2 Re7 41. Rc3
Ra8 42. Rcxe3 Rxe3 43. Rxe3 Kf7 44. Rxe8 Rxe8 45. Nxd6+ Kf8 46. Nxe8 Kxe8 47.
Kf4 Ke7 48. Kf5 Kf7 49. Ke4 Ke6 50. f4 Kd6 51. Kf5 Ke7 52. g5 Kf7 53. Ke4 Ke6
54. f5+ Kd6 55. g6 Kc6 56. Kf4 1/2-1/2

[Event "21. Open de Gros 2007"]
[Site "San Sebastián ESP"]
[Date "2011.09.12"]
[Round "4.3"]
[White "Argandona Riveiro, Inigo"]
[Black "Abalia Patino, Aritz"]
[Result "1-0"]
[WhiteElo "2387"]
[BlackElo "1555"]
[PlyCount "73"]
[EventDate "2011.09.09"]
[EventType "swiss"]
[EventRounds "9"]
[EventCountry "ESP"]
[Source "lmi"]
[SourceDate "2011.09.09"]

1. Nf3 Nf6 2. c4 g6 3. Nc3 Bg7 4. e4 d6 5. d4 Nbd7 6. Be3 O-O 7. Nd2 e5 8. d5
c6 9. Be2 a5 10. g4 cxd5 11. cxd5 b6 12. h4 Nc5 13. g5 Ne8 14. h5 Nc7 15. Nc4
N7a6 16. f3 f5 17. h6 Bh8 18. Rg1 fxe4 19. fxe4 Rb8 20. Na3 Nc7 21. Nab5 Ba6
22. a4 Nxb5 23. axb5 Bb7 24. Bg4 Bc8 25. Bxc5 bxc5 26. Bxc8 Rxc8 27. Qg4 Rc7
28. Qe6+ Rff7 29. Ke2 Rce7 30. Qh3 Ra7 31. Raf1 Rf4 32. Kd3 Raf7 33. Kc2 Rxf1
34. Rxf1 Rxf1 35. Qxf1 Qxg5 36. b6 Qd8 37. b7 1-0

[Event "21. Open de Gros 2007"]
[Site "San Sebastián ESP"]
[Date "2011.09.12"]
[Round "4.4"]
[White "Rodriguez Cabrera, Fco  Javier"]
[Black "Guijarro Galan, Jose Luis"]
[Result "0-1"]
[WhiteElo "1954"]
[BlackElo "2177"]
[PlyCount "64"]
[EventDate "2011.09.09"]
[EventType "swiss"]
[EventRounds "9"]
[EventCountry "ESP"]
[Source "lmi"]
[SourceDate "2011.09.09"]

1. e4 e5 2. Nf3 d5 3. Nxe5 Bd6 4. d4 dxe4 5. Nc4 Nf6 6. Nxd6+ Qxd6 7. Be2 Nc6
8. c3 Be6 9. Na3 a6 10. Nc4 Bxc4 11. Bxc4 O-O-O 12. b4 Nxb4 13. O-O Nbd5 14. a4
h5 15. Ba3 Qf4 16. Qb3 h4 17. Rab1 b5 18. Bc1 Qf5 19. axb5 h3 20. bxa6 hxg2 21.
Qb7+ Kd7 22. Qb5+ c6 23. Qb7+ Nc7 24. Rb6 gxf1=Q+ 25. Kxf1 Qh3+ 26. Ke2 Qf3+
27. Kd2 e3+ 28. Kc2 Rb8 29. Qa7 Rxb6 30. Qxb6 Qxf2+ 31. Kb3 Rxh2 32. Kb4 Nfd5+
0-1

[Event "21. Open de Gros 2007"]
[Site "San Sebastián ESP"]
[Date "2011.09.12"]
[Round "4.5"]
[White "Segovia Sanchez, Antonio"]
[Black "Izquierdo Arruferia, Joseba"]
[Result "1-0"]
[WhiteElo "2006"]
[BlackElo "1811"]
[PlyCount "117"]
[EventDate "2011.09.09"]
[EventType "swiss"]
[EventRounds "9"]
[EventCountry "ESP"]
[Source "lmi"]
[SourceDate "2011.09.09"]

1. d4 e6 2. Nf3 d5 3. Bf4 Nf6 4. e3 c5 5. c3 Qb6 6. Qb3 Qxb3 7. axb3 a6 8. Na3
Bd7 9. Nb5 Bxb5 10. Bxb5+ Nbd7 11. dxc5 Bxc5 12. b4 Be7 13. O-O O-O 14. Be2 Ne4
15. h3 Rfc8 16. Ra2 Bd6 17. Rfa1 Bxf4 18. exf4 Nb6 19. Bd3 Nd6 20. Nd4 Ndc4 21.
Kf1 h6 22. Ke2 Kf8 23. Kd1 Nd6 24. Kc2 Ndc4 25. b3 Nd6 26. Kb2 Ke7 27. Ra5 Kd8
28. g4 Ke7 29. Re1 Kf6 30. h4 g6 31. g5+ Kg7 32. Nxe6+ fxe6 33. Rxe6 Ne4 34.
Bxe4 dxe4 35. Rxb6 Rc7 36. Re5 Rd8 37. Rxe4 Rd2+ 38. Ka3 Rxf2 39. Rbe6 Rf7 40.
Re7 R2xf4 41. Rxf4 Rxe7 42. Ka4 Re1 43. Ka5 hxg5 44. hxg5 Re5+ 45. Kb6 Rxg5 46.
Kxb7 a5 47. bxa5 Rb5+ 48. Kc6 Rxb3 49. c4 Ra3 50. Kb6 Rb3+ 51. Kc5 Ra3 52. Kb4
Ra1 53. Rf3 g5 54. Rb3 Kf6 55. Kb5 Ke5 56. Kb6 Rc1 57. c5 Kd5 58. a6 Rxc5 59.
Rb5 1-0

[Event "21. Open de Gros 2007"]
[Site "San Sebastián ESP"]
[Date "2011.09.12"]
[Round "4.6"]
[White "D`amade, Philippe"]
[Black "Torres, Patrice"]
[Result "1/2-1/2"]
[WhiteElo "1856"]
[BlackElo "1964"]
[PlyCount "33"]
[EventDate "2011.09.09"]
[EventType "swiss"]
[EventRounds "9"]
[EventCountry "ESP"]
[Source "lmi"]
[SourceDate "2011.09.09"]

1. e4 e6 2. d4 d5 3. e5 c5 4. c3 Nc6 5. Nf3 Bd7 6. Be2 Nge7 7. Na3 cxd4 8. cxd4
Nf5 9. Nc2 Nb4 10. Nxb4 Bxb4+ 11. Bd2 Qb6 12. Bxb4 Qxb4+ 13. Qd2 a5 14. a3 Qb6
15. O-O O-O 16. Rfc1 Rfc8 17. Rc3 1/2-1/2

[Event "21. Open de Gros 2007"]
[Site "San Sebastián ESP"]
[Date "2011.09.12"]
[Round "4.7"]
[White "Tung, Siu Hung"]
[Black "Izagirre Alsua, Aritz"]
[Result "0-1"]
[WhiteElo "1938"]
[BlackElo "1781"]
[PlyCount "58"]
[EventDate "2011.09.09"]
[EventType "swiss"]
[EventRounds "9"]
[EventCountry "ESP"]
[Source "lmi"]
[SourceDate "2011.09.09"]

1. e4 c5 2. Nf3 d6 3. d4 cxd4 4. Nxd4 Nf6 5. Nc3 a6 6. a4 e5 7. Nf3 b6 8. Be2
Bb7 9. Nd2 d5 10. exd5 Nxd5 11. Nxd5 Bxd5 12. O-O Qc7 13. Bf3 Bxf3 14. Qxf3 Nc6
15. c3 Be7 16. Nc4 O-O 17. Be3 Rab8 18. Rfd1 b5 19. axb5 axb5 20. Nd2 b4 21.
Ra6 Rfc8 22. Nc4 Nd4 23. cxd4 Qxc4 24. Ra7 Bf6 25. dxe5 Bxe5 26. g3 Bxb2 27.
Rd5 Bf6 28. Bg5 Re8 29. Bxf6 Re1+ 0-1

[Event "21. Open de Gros 2007"]
[Site "San Sebastián ESP"]
[Date "2011.09.12"]
[Round "4.8"]
[White "Mohseni, Neik"]
[Black "Fernandez Zubitur, Jokin"]
[Result "0-1"]
[WhiteElo "1657"]
[BlackElo "1928"]
[PlyCount "76"]
[EventDate "2011.09.09"]
[EventType "swiss"]
[EventRounds "9"]
[EventCountry "ESP"]
[Source "lmi"]
[SourceDate "2011.09.09"]

1. d4 Nf6 2. Nc3 d5 3. Bf4 c6 4. e3 Qb6 5. Rb1 Bf5 6. Bd3 Bxd3 7. Qxd3 e6 8.
Nge2 c5 9. Qb5+ Nc6 10. a3 Qxb5 11. Nxb5 Kd7 12. h3 a6 13. Nbc3 cxd4 14. Nxd4
Nxd4 15. exd4 Rc8 16. Rc1 Bxa3 17. Na4 Bb4+ 18. c3 Ba5 19. Be5 Rc6 20. Nc5+ Kc8
21. O-O Bc7 22. f4 Rg8 23. Nd3 Ne4 24. Rc2 f6 25. Bxc7 Rxc7 26. Kh2 g6 27. g3
h5 28. Kg2 h4 29. g4 g5 30. Rf3 f5 31. Ne5 Nd6 32. fxg5 Nc4 33. Re2 Rcg7 34.
Nxc4 dxc4 35. Rxe6 Rxg5 36. Rf6 fxg4 37. Rf8+ Kc7 38. Rxg8 gxf3+ 0-1

[Event "21. Open de Gros 2007"]
[Site "San Sebastián ESP"]
[Date "2011.09.13"]
[Round "5.1"]
[White "Galego, Luis"]
[Black "Franco Alonso, Alejandro"]
[Result "1/2-1/2"]
[WhiteElo "2477"]
[BlackElo "2469"]
[PlyCount "62"]
[EventDate "2011.09.09"]
[EventType "swiss"]
[EventRounds "9"]
[EventCountry "ESP"]
[Source "lmi"]
[SourceDate "2011.09.09"]

1. e4 c5 2. Nf3 e6 3. g3 Nf6 4. d3 b6 5. Bg2 Bb7 6. O-O d6 7. Nc3 Be7 8. Ne1
Nc6 9. f4 O-O 10. g4 Nd7 11. Nf3 a6 12. g5 Re8 13. f5 b5 14. fxe6 fxe6 15. h4
Nde5 16. Nxe5 Nxe5 17. Bf4 Ng6 18. Qg4 Bf8 19. Bg3 b4 20. Ne2 e5 21. h5 Bc8 22.
Qf3 Nh8 23. Bh4 Be7 24. Qg3 Be6 25. Rf5 g6 26. hxg6 hxg6 27. Rf2 Qd7 28. c3 Rf8
29. Bf3 Bd8 30. Kg2 Bb6 31. c4 Rf7 1/2-1/2

[Event "21. Open de Gros 2007"]
[Site "San Sebastián ESP"]
[Date "2011.09.13"]
[Round "5.2"]
[White "Vassallo Barroche, Mauricio"]
[Black "Argandona Riveiro, Inigo"]
[Result "1-0"]
[WhiteElo "2432"]
[BlackElo "2387"]
[PlyCount "57"]
[EventDate "2011.09.09"]
[EventType "swiss"]
[EventRounds "9"]
[EventCountry "ESP"]
[Source "lmi"]
[SourceDate "2011.09.09"]

1. e4 c5 2. Nf3 Nc6 3. c3 d6 4. d4 Nf6 5. d5 Ne5 6. Nxe5 dxe5 7. Nd2 g6 8. Bb5+
Bd7 9. Qe2 Bg7 10. Bxd7+ Qxd7 11. Nc4 Nh5 12. Be3 O-O 13. O-O b6 14. Rad1 Qb5
15. b3 f5 16. exf5 Rxf5 17. Qc2 Qd7 18. d6 Raf8 19. dxe7 Qxe7 20. Nd6 Rf4 21.
Bxf4 Nxf4 22. Ne4 Qh4 23. f3 Qe7 24. Qd2 Bh6 25. Qd7 Qh4 26. g3 Ne2+ 27. Kg2
Qh5 28. Qe6+ Kh8 29. Rd8 1-0

[Event "21. Open de Gros 2007"]
[Site "San Sebastián ESP"]
[Date "2011.09.13"]
[Round "5.3"]
[White "Guijarro Galan, Jose Luis"]
[Black "Segovia Sanchez, Antonio"]
[Result "0-1"]
[WhiteElo "2177"]
[BlackElo "2006"]
[PlyCount "88"]
[EventDate "2011.09.09"]
[EventType "swiss"]
[EventRounds "9"]
[EventCountry "ESP"]
[Source "lmi"]
[SourceDate "2011.09.09"]

1. e4 c6 2. f4 d5 3. Nf3 g6 4. e5 Bg4 5. h3 Bxf3 6. Qxf3 e6 7. d4 h5 8. Bd3 h4
9. Nc3 Nh6 10. Be3 Nd7 11. a3 Nf5 12. Bf2 Qb6 13. O-O-O O-O-O 14. Ne2 c5 15.
Bxf5 gxf5 16. Nc3 Qc6 17. dxc5 Bxc5 18. Ne2 Kb8 19. Rd3 Bxf2 20. Qxf2 Nc5 21.
Rf3 Ne4 22. Qe3 Qc4 23. Nc3 d4 24. Qd3 Qxd3 25. cxd3 dxc3 26. dxe4 cxb2+ 27.
Kc2 fxe4 28. Re3 Rd4 29. Re2 e3 30. Kxb2 Rxf4 31. Rxe3 Rf2+ 32. Kb1 Rxg2 33.
Rf3 Rf8 34. Rf4 Re2 35. Rxh4 Rxe5 36. Rh7 f5 37. Rg1 f4 38. Rgg7 Rb5+ 39. Kc2
a6 40. h4 f3 41. a4 Rc8+ 42. Kd3 Rb3+ 43. Kd4 Rf8 44. h5 f2 0-1

[Event "21. Open de Gros 2007"]
[Site "San Sebastián ESP"]
[Date "2011.09.13"]
[Round "5.4"]
[White "Fernandez Zubitur, Jokin"]
[Black "Ladron De Guevara Galar, Fco J"]
[Result "0-1"]
[WhiteElo "1928"]
[BlackElo "2128"]
[PlyCount "104"]
[EventDate "2011.09.09"]
[EventType "swiss"]
[EventRounds "9"]
[EventCountry "ESP"]
[Source "lmi"]
[SourceDate "2011.09.09"]

1. e4 e5 2. Nf3 Nc6 3. d4 exd4 4. Nxd4 Nf6 5. Nxc6 bxc6 6. e5 Qe7 7. Qe2 Nd5 8.
c4 Nb6 9. Nc3 Bb7 10. b3 g6 11. Qe4 Bg7 12. f4 O-O-O 13. Bb2 d6 14. O-O-O dxe5
15. fxe5 Qxe5 16. Qxe5 Bxe5 17. Be2 c5 18. Bf3 Bxf3 19. gxf3 f5 20. Na4 Bd4 21.
Nxc5 Bxc5 22. Bxh8 Rxh8 23. Rhe1 Rd8 24. h4 Bf2 25. Re7 Rh8 26. Rh1 Nd7 27. Kc2
Nf6 28. Rf7 Nh5 29. Rd1 Bxh4 30. Rdd7 Bg3 31. Rxh7 Re8 32. Rhe7 Rg8 33. Rd5 Nf4
34. Rdd7 Ne6 35. Rd3 Nc5 36. Rd5 Bd6 37. Rf7 a5 38. a3 Rh8 39. b4 axb4 40. axb4
Na6 41. Ra5 Nxb4+ 42. Kb3 Rh3 43. c5 Nc6 44. cxd6 Nxa5+ 45. Ka4 Nb7 46. Rxc7+
Kb8 47. Rg7 Nxd6 48. Rxg6 Kc7 49. Kb4 Kc6 50. Kc3 Kd5 51. Kd3 Rxf3+ 52. Ke2 Ra3
0-1

[Event "21. Open de Gros 2007"]
[Site "San Sebastián ESP"]
[Date "2011.09.13"]
[Round "5.5"]
[White "Izagirre Alsua, Aritz"]
[Black "Torres, Patrice"]
[Result "0-1"]
[WhiteElo "1781"]
[BlackElo "1964"]
[PlyCount "107"]
[EventDate "2011.09.09"]
[EventType "swiss"]
[EventRounds "9"]
[EventCountry "ESP"]
[Source "lmi"]
[SourceDate "2011.09.09"]

1. e4 c5 2. d3 g6 3. g3 Bg7 4. Bg2 Nc6 5. Nc3 e6 6. Be3 d6 7. Qd2 Nd4 8. Nd1
Rb8 9. c3 Nc6 10. f4 Nge7 11. Nf3 O-O 12. O-O b5 13. Bf2 b4 14. Ne3 a5 15. Nc4
Qc7 16. Rfe1 Ba6 17. Ne3 a4 18. d4 a3 19. e5 cxd4 20. cxd4 axb2 21. Qxb2 d5 22.
Nd2 Na5 23. Nb3 Nxb3 24. axb3 Bb5 25. Rec1 Qb6 26. Qd2 Nc6 27. Nc2 Ba6 28. Bf1
Bxf1 29. Kxf1 Rfc8 30. Ne1 Na5 31. Qd1 Rc3 32. Rcb1 Rbc8 33. Kg1 Qb5 34. Ra2
Bf8 35. g4 Be7 36. Rd2 Qc6 37. g5 Rc1 38. Rxc1 Qxc1 39. Qxc1 Rxc1 40. Rb2 Rc3
41. Nc2 Rxb3 42. Rxb3 Nxb3 43. Be1 Nc1 44. Bxb4 Bxb4 45. Nxb4 Ne2+ 46. Kf2 Nxd4
47. Nd3 h6 48. h4 Nf5 49. gxh6 Kh7 50. Kf3 Nxh4+ 51. Kg4 Nf5 52. Kg5 Nxh6 53.
Kf6 Kg8 54. Nf2 0-1

[Event "21. Open de Gros 2007"]
[Site "San Sebastián ESP"]
[Date "2011.09.13"]
[Round "5.6"]
[White "Orube Bona, Andoni"]
[Black "Rodriguez Cabrera, Fco  Javier"]
[Result "1-0"]
[WhiteElo "1772"]
[BlackElo "1954"]
[PlyCount "59"]
[EventDate "2011.09.09"]
[EventType "swiss"]
[EventRounds "9"]
[EventCountry "ESP"]
[Source "lmi"]
[SourceDate "2011.09.09"]

1. d4 Nf6 2. c4 g6 3. Nc3 Bg7 4. e4 d6 5. Nf3 O-O 6. Be2 e5 7. O-O Nc6 8. d5
Ne7 9. b4 a5 10. Ba3 axb4 11. Bxb4 Nh5 12. Re1 Nf4 13. Bf1 f5 14. Nd2 c5 15.
dxc6 Nxc6 16. a3 Nxb4 17. axb4 Rxa1 18. Qxa1 fxe4 19. Ndxe4 Ne6 20. Qa2 Kh8 21.
Nb5 Bf6 22. Nbxd6 Bh4 23. c5 Nd4 24. Nf7+ Rxf7 25. Qxf7 Be6 26. Qxb7 Bd5 27.
Qb6 Qf8 28. Qd6 Nf3+ 29. gxf3 Qxf3 30. Qxe5+ 1-0

[Event "21. Open de Gros 2007"]
[Site "San Sebastián ESP"]
[Date "2011.09.13"]
[Round "5.7"]
[White "Bello Castano, Diego"]
[Black "D`amade, Philippe"]
[Result "1-0"]
[WhiteElo "1888"]
[BlackElo "1856"]
[PlyCount "83"]
[EventDate "2011.09.09"]
[EventType "swiss"]
[EventRounds "9"]
[EventCountry "ESP"]
[Source "lmi"]
[SourceDate "2011.09.09"]

1. Nf3 d5 2. b3 c5 3. e3 Nf6 4. Bb2 Nc6 5. Bb5 Bd7 6. O-O e6 7. Bxc6 Bxc6 8.
Ne5 Rc8 9. d4 cxd4 10. Bxd4 Bd6 11. Nd2 O-O 12. c4 b6 13. Rc1 Bb7 14. cxd5 Rxc1
15. Qxc1 exd5 16. Ndf3 Qe7 17. Qd2 Ne4 18. Qb2 Ba3 19. Qe2 Rc8 20. Rd1 Nc3 21.
Bxc3 Rxc3 22. Qd2 Qc7 23. Nd4 Bb4 24. Nd3 Qe7 25. Nxb4 Qxb4 26. Nb5 Rxb3 27.
axb3 Qxb5 28. Qc3 Qd7 29. Rc1 Ba6 30. Qc7 Qe8 31. Qxa7 Bd3 32. Qxb6 h6 33. Qc6
Qe5 34. b4 d4 35. exd4 Qg5 36. Qe8+ Kh7 37. Qe3 Qb5 38. h3 Bf5 39. Qc3 Be6 40.
Qc5 Qd3 41. b5 Qe4 42. Qc2 1-0

[Event "21. Open de Gros 2007"]
[Site "San Sebastián ESP"]
[Date "2011.09.13"]
[Round "5.8"]
[White "Abalia Patino, Aritz"]
[Black "Tung, Siu Hung"]
[Result "0-1"]
[WhiteElo "1555"]
[BlackElo "1938"]
[PlyCount "70"]
[EventDate "2011.09.09"]
[EventType "swiss"]
[EventRounds "9"]
[EventCountry "ESP"]
[Source "lmi"]
[SourceDate "2011.09.09"]

1. e4 d6 2. d4 Nf6 3. Nc3 g6 4. Bc4 c6 5. Nf3 Bg7 6. a4 d5 7. exd5 cxd5 8. Bb3
Nc6 9. Bg5 e6 10. Qe2 O-O 11. O-O Qb6 12. Rad1 Na5 13. Qb5 Qc7 14. Ne2 Bd7 15.
Qb4 Rfc8 16. Bf4 Qd8 17. Bd2 b6 18. Qa3 Nc6 19. c3 Ne4 20. Bf4 Na5 21. Nd2 Nxb3
22. Qxb3 Nxd2 23. Rxd2 Qe8 24. Ra1 Rc4 25. a5 b5 26. Bd6 Bf8 27. Bxf8 Qxf8 28.
Qc2 b4 29. Rc1 Bb5 30. b3 Rc6 31. Qb2 Rac8 32. cxb4 Rxc1+ 33. Nxc1 Qxb4 34. Na2
Qxa5 35. Rc2 Qe1# 0-1

[Event "21. Open de Gros 2007"]
[Site "San Sebastián ESP"]
[Date "2011.09.14"]
[Round "6.1"]
[White "Vassallo Barroche, Mauricio"]
[Black "Galego, Luis"]
[Result "1/2-1/2"]
[WhiteElo "2432"]
[BlackElo "2477"]
[PlyCount "24"]
[EventDate "2011.09.09"]
[EventType "swiss"]
[EventRounds "9"]
[EventCountry "ESP"]
[Source "lmi"]
[SourceDate "2011.09.09"]

1. c4 Nf6 2. Nf3 e6 3. d4 Bb4+ 4. Bd2 c5 5. Bxb4 cxb4 6. g3 O-O 7. Bg2 d6 8.
O-O a5 9. a3 Na6 10. axb4 Nxb4 11. Nc3 Qe7 12. Ne1 e5 1/2-1/2

[Event "21. Open de Gros 2007"]
[Site "San Sebastián ESP"]
[Date "2011.09.14"]
[Round "6.2"]
[White "Franco Alonso, Alejandro"]
[Black "Ladron De Guevara Galar, Fco J"]
[Result "1-0"]
[WhiteElo "2469"]
[BlackElo "2128"]
[PlyCount "38"]
[EventDate "2011.09.09"]
[EventType "swiss"]
[EventRounds "9"]
[EventCountry "ESP"]
[Source "lmi"]
[SourceDate "2011.09.09"]

1. c4 e6 2. Nf3 d5 3. g3 Nf6 4. Bg2 Nbd7 5. O-O dxc4 6. Qc2 a6 7. Na3 c5 8.
Nxc4 Qc7 9. d4 cxd4 10. Bf4 Qc5 11. Rac1 b5 12. Na5 Qxc2 13. Rxc2 Bb4 14. Nxd4
Nd5 15. Rfc1 N7b6 16. Ndc6 Nxf4 17. gxf4 Bxa5 18. Nxa5 Rb8 19. Nc6 Rb7 1-0

[Event "21. Open de Gros 2007"]
[Site "San Sebastián ESP"]
[Date "2011.09.14"]
[Round "6.3"]
[White "Argandona Riveiro, Inigo"]
[Black "Segovia Sanchez, Antonio"]
[Result "1-0"]
[WhiteElo "2387"]
[BlackElo "2006"]
[PlyCount "57"]
[EventDate "2011.09.09"]
[EventType "swiss"]
[EventRounds "9"]
[EventCountry "ESP"]
[Source "lmi"]
[SourceDate "2011.09.09"]

1. c4 b6 2. Nc3 Nf6 3. e4 d6 4. d4 e6 5. f4 Bb7 6. Bd3 g6 7. Nf3 Bg7 8. O-O O-O
9. Qe1 Nfd7 10. Kh1 a5 11. f5 e5 12. d5 Na6 13. g4 Nb4 14. Bb1 Nc5 15. Be3 Bc8
16. Qd1 Nba6 17. a3 Bd7 18. b3 Qe7 19. Ra2 h6 20. Raf2 gxf5 21. gxf5 f6 22. Nh4
Be8 23. Rg1 Kh7 24. Rfg2 Rg8 25. Bc2 Bf7 26. Ng6 Bxg6 27. Rxg6 Qf8 28. Qh5 Rd8
29. R1g3 1-0

[Event "21. Open de Gros 2007"]
[Site "San Sebastián ESP"]
[Date "2011.09.14"]
[Round "6.4"]
[White "Torres, Patrice"]
[Black "Bello Castano, Diego"]
[Result "0-1"]
[WhiteElo "1964"]
[BlackElo "1888"]
[PlyCount "52"]
[EventDate "2011.09.09"]
[EventType "swiss"]
[EventRounds "9"]
[EventCountry "ESP"]
[Source "lmi"]
[SourceDate "2011.09.09"]

1. d4 d5 2. Nf3 Nf6 3. c4 e6 4. Nc3 Nbd7 5. Bg5 Be7 6. e3 c6 7. Rc1 dxc4 8.
Bxc4 b5 9. Bd3 Bb7 10. O-O O-O 11. Bb1 Rc8 12. Ne5 Nxe5 13. dxe5 Nd5 14. Bxe7
Qxe7 15. Ne4 c5 16. Nd6 Rfd8 17. Nxc8 Rxc8 18. f4 Nxe3 19. Qd3 Nf5 20. Qxb5 Nd4
21. Qd3 Qh4 22. Qe3 Qg4 23. Be4 Bxe4 24. Qxe4 Ne2+ 25. Kh1 Nxc1 26. h3 Qe2 0-1

[Event "21. Open de Gros 2007"]
[Site "San Sebastián ESP"]
[Date "2011.09.14"]
[Round "6.5"]
[White "Iglesias Gonzalez, Veronica"]
[Black "Guijarro Galan, Jose Luis"]
[Result "0-1"]
[WhiteElo "1786"]
[BlackElo "2177"]
[PlyCount "98"]
[EventDate "2011.09.09"]
[EventType "swiss"]
[EventRounds "9"]
[EventCountry "ESP"]
[Source "lmi"]
[SourceDate "2011.09.09"]

1. c4 e6 2. Nc3 d5 3. cxd5 exd5 4. d4 Nf6 5. Nf3 h6 6. Bf4 Bd6 7. Be5 c6 8. g3
O-O 9. Bg2 Qe7 10. Bxd6 Qxd6 11. O-O Nbd7 12. Qc2 Re8 13. Nh4 Nf8 14. Rad1 Be6
15. Rfe1 Qd7 16. Na4 b6 17. Nc3 g5 18. Nf3 Bf5 19. e4 Nxe4 20. Ne5 Rxe5 21.
dxe5 Nxg3 22. Qa4 Nh5 23. Ne4 Bxe4 24. Rxe4 Qe6 25. Re3 Ng6 26. Bh3 Qe8 27. e6
f6 28. Rc1 Ne5 29. Qa6 Nf4 30. Qb7 g4 31. Bg2 Qc8 32. Qe7 Qd8 33. Qb7 Nxe6 34.
Rxe5 fxe5 35. Rxc6 Rb8 36. Qxa7 Ra8 37. Qxb6 Qxb6 38. Rxb6 Nf4 39. a3 Rc8 40.
Rxh6 d4 41. Rc6 Rd8 42. Be4 d3 43. f3 d2 44. Bc2 d1=Q+ 45. Bxd1 Rxd1+ 46. Kf2
Rd2+ 47. Kg3 Rg2+ 48. Kh4 gxf3 49. Rc1 f2 0-1

[Event "21. Open de Gros 2007"]
[Site "San Sebastián ESP"]
[Date "2011.09.14"]
[Round "6.6"]
[White "Tung, Siu Hung"]
[Black "Navascues Zabaleta, Jesus"]
[Result "1-0"]
[WhiteElo "1938"]
[BlackElo "1758"]
[PlyCount "71"]
[EventDate "2011.09.09"]
[EventType "swiss"]
[EventRounds "9"]
[EventCountry "ESP"]
[Source "lmi"]
[SourceDate "2011.09.09"]

1. e4 c5 2. Nf3 d6 3. d4 cxd4 4. Nxd4 Nf6 5. Nc3 a6 6. Be3 b5 7. a3 Bb7 8. Bd3
e6 9. O-O Be7 10. f4 Nc6 11. Qf3 Qc7 12. Rae1 Rd8 13. Qg3 g6 14. f5 Nxd4 15.
Bxd4 e5 16. Be3 Rg8 17. fxg6 Rxg6 18. Qf3 Qd7 19. Nd5 Bxd5 20. exd5 Rg7 21. Bf5
Qb7 22. Rd1 Ng8 23. b3 Bf6 24. Qh3 Qe7 25. c4 Bg5 26. Bb6 Rb8 27. Bf2 bxc4 28.
bxc4 Nh6 29. Bc2 Bf4 30. Ba4+ Kf8 31. Bh4 Qa7+ 32. Bf2 Qe7 33. g3 Qg5 34. Kh1
Be3 35. Qd7 Bxf2 36. Qxd6+ 1-0

[Event "21. Open de Gros 2007"]
[Site "San Sebastián ESP"]
[Date "2011.09.14"]
[Round "6.7"]
[White "Izagirre Alsua, Aritz"]
[Black "Fernandez Zubitur, Jokin"]
[Result "1-0"]
[WhiteElo "1781"]
[BlackElo "1928"]
[PlyCount "69"]
[EventDate "2011.09.09"]
[EventType "swiss"]
[EventRounds "9"]
[EventCountry "ESP"]
[Source "lmi"]
[SourceDate "2011.09.09"]

1. e4 e5 2. Nf3 Nc6 3. Bb5 a6 4. Ba4 Nf6 5. O-O Be7 6. Re1 b5 7. Bb3 d6 8. c3
O-O 9. h3 Na5 10. Bc2 c5 11. d3 Qc7 12. Nbd2 Ne8 13. Nf1 f5 14. Ne3 f4 15. Nd5
Qa7 16. d4 exd4 17. cxd4 cxd4 18. Bxf4 Bf6 19. Nxf6+ Rxf6 20. Bg5 Re6 21. Nxd4
Rg6 22. h4 Bg4 23. Qxg4 Qxd4 24. h5 Rxg5 25. Qxg5 Nf6 26. h6 Ra7 27. e5 dxe5
28. hxg7 Rf7 29. Qxe5 Qd2 30. Re2 Qd8 31. Rd1 Qb6 32. Rd6 Qc7 33. Qd4 Nc6 34.
Qc5 Na5 35. Qxc7 1-0

[Event "21. Open de Gros 2007"]
[Site "San Sebastián ESP"]
[Date "2011.09.14"]
[Round "6.8"]
[White "Zubia Aramburu, Mikel"]
[Black "Jauregi Barandiaran, Jon"]
[Result "1-0"]
[WhiteElo "1791"]
[BlackElo "1573"]
[PlyCount "35"]
[EventDate "2011.09.09"]
[EventType "swiss"]
[EventRounds "9"]
[EventCountry "ESP"]
[Source "lmi"]
[SourceDate "2011.09.09"]

1. c4 d6 2. g3 Nf6 3. Bg2 e5 4. Nc3 Be7 5. e3 Nbd7 6. d4 O-O 7. Nge2 c6 8. O-O
Qc7 9. b4 b6 10. b5 Bb7 11. a4 a6 12. bxc6 Bxc6 13. Nd5 Nxd5 14. cxd5 Bb7 15.
Bb2 Rac8 16. dxe5 dxe5 17. d6 Bxd6 18. Bxb7 1-0

[Event "21. Open de Gros 2007"]
[Site "San Sebastián ESP"]
[Date "2011.09.15"]
[Round "7.1"]
[White "Galego, Luis"]
[Black "Argandona Riveiro, Inigo"]
[Result "1/2-1/2"]
[WhiteElo "2477"]
[BlackElo "2387"]
[PlyCount "128"]
[EventDate "2011.09.09"]
[EventType "swiss"]
[EventRounds "9"]
[EventCountry "ESP"]
[Source "lmi"]
[SourceDate "2011.09.09"]

1. e4 c5 2. Nf3 e6 3. b3 a6 4. Bb2 b5 5. a4 Bb7 6. axb5 axb5 7. Rxa8 Bxa8 8.
Bxb5 Bxe4 9. O-O Nf6 10. Nc3 Bb7 11. Na4 Be7 12. d4 cxd4 13. Bxd4 O-O 14. c4 d6
15. Re1 Nbd7 16. Bb2 Qa8 17. Re3 Rd8 18. Qe2 Nf8 19. Nh4 Ng6 20. Nxg6 hxg6 21.
f3 Nh5 22. g3 Qa7 23. Qf2 e5 24. Rd3 Qxf2+ 25. Kxf2 e4 26. fxe4 Bxe4 27. Rd4 f5
28. Ba3 Nf6 29. c5 Ng4+ 30. Ke2 dxc5 31. Rxd8+ Bxd8 32. Bc4+ Kh7 33. Nxc5 Nxh2
34. Nxe4 fxe4 35. Bd6 Ng4 36. b4 Kh6 37. Be6 Nf6 38. Ke3 Bb6+ 39. Bc5 Bc7 40.
Kf2 Nh5 41. Be3+ g5 42. g4 Nf4 43. Bc4 Ng6 44. Ke2 Bf4 45. b5 Ne5 46. Be6 Kg6
47. b6 Kf6 48. b7 Nc6 49. Bd5 Nb8 50. Bxe4 Ke5 51. Bf5 Bxe3 52. Kxe3 Kd6 53.
Ke4 Na6 54. Bc8 g6 55. Kd4 Nb8 56. Kc4 Kc6 57. Kb4 Na6+ 58. Kc4 Nb8 59. Kd4 Kd6
60. Kc3 Kc5 61. Be6 Kc6 62. Kd4 Kxb7 63. Ke5 Kc7 64. Kf6 Kd6 1/2-1/2